Statistics for Phoenix Suns Quiz

Click here to take the quiz!

General Stats

  • This quiz has been taken 29 times
  • The average score is 30 of 49

Answer Stats

Answer % Correct
Western
100%
5
96%
6
96%
2
96%
Black
91%
Alloy Orange
91%
Vivid Vermilion
91%
0
91%
Steve Nash
87%
Purple
87%
13
87%
Phoenix, Arizona
87%
7
83%
Pacific
83%
9
83%
34
83%
1968
78%
24
78%
33
70%
42
70%
44
70%
Charles Barkley
65%
Dark Tangerine
65%
Talking Stick Resort Arena
61%
Kevin Johnson
52%
Monty Williams
48%
James Jones
43%
Tom Chambers
43%
Dan Majerle
39%
Nickel
35%
PayPal
30%
Walter Davis
30%
Monty Williams
30%
Robert Sarver
26%
Alvan Adams
26%
Jason Rowley
22%
Paul Westphal
22%
Connie Hawkins
22%
Northern Arizona Suns
13%
Robert Sarver
13%
Dick Van Arsdale
9%
Jason Rowley
9%
Northern Arizona Suns
4%

Score Distribution

Percentile by Number Answered

Percent of People with Each Score

Your Score History

You have not taken this quiz